000 00664nam a2200205Ii 4500
003 JO-AjNU
008 230605s9999||||xx |||||||||||||| ||und||
040 _aJO-AjNU
_bara
_erda
_cJO-AjNU
041 _aara
050 1 4 _aZ665.M836 2004
100 3 _aدياب ، مفتاح محمد ,
_eauthor
_910914
245 0 0 _aدراسة حديثة في علم المكتبات والمعلومات
250 _aط1
264 3 1 _aدمشق:دار قتيبة ،2004
300 _a240ص
336 _atext
_btxt
_2rdacontent
337 _aunmediated
_bn
_2rdamedia
338 _avolume
_bnc
_2rdacarrier
650 4 _aعلم المكتبات -علم المعلومات
_910915
999 _aA2053
_c5621
_d5621